| 000 | 00477nam a2200133Ia 4500 | ||
|---|---|---|---|
| 008 | 250506s9999 xx 000 0 und d | ||
| 024 | _a07A-105-EE, 07A-113-EE, 07A-138-EE & 07A-156-EE | ||
| 082 | _a629.83072 MUH | ||
| 100 | _aMuhammad Faizan Fazal, Subhan Siddiqui, Najeeb-ur-Rehman & Muhammad Tayyar Danish | ||
| 245 | 4 | _aThe Unmanned Vehicle Control System | |
| 260 |
_aKarachi: _bUIT, _c2007 |
||
| 600 | _aElectronic Engineering | ||
| 650 | _aBachelor of Engineering (BE) | ||
| 999 |
_c27887 _d27887 |
||